| 000 | 00730cam a22002531a 4500 | ||
|---|---|---|---|
| 001 | 2482 | ||
| 003 | BD-RjUL | ||
| 005 | 20211208233548.0 | ||
| 008 | 131211r19691966enka 001 0 eng | ||
| 035 | _a(BD-RjUL)2509 | ||
| 035 | _a(OCoLC)2642323 | ||
| 040 |
_aDLC _cFU-L _dOCoLC _dMoSU-L _dUk _dDLC _dBD-RjUL _beng |
||
| 041 | _aeng | ||
| 082 | 0 | 0 |
_a340 _bGRM 1969 |
| 100 | 1 |
_aGrunfeld, Cyril. _98046 |
|
| 245 | 1 | 0 |
_aModern trade union law / _cby Cyril Grunfeld. |
| 260 |
_aLondon : _bSweet & Maxwell, _cc1966 [Impression 1969]. |
||
| 300 |
_axii, 517 p. : _bill. ; _c23 cm. |
||
| 504 | _aIncludes index. | ||
| 650 | 0 |
_aLabor unions _zGreat Britain. _98047 |
|
| 942 |
_2ddc _cBK |
||
| 999 |
_c2482 _d2482 |
||